|
|
|
|
| LEADER |
00000cam a2200000 ub4500 |
| 001 |
PL0067361 |
| 003 |
PLI01000000000000000065484 |
| 005 |
00000000000000.0 |
| 008 |
||| u |
| 020 |
|
|
|a 0-7923-3745-X
|
| 020 |
|
|
|a 9780792337454
|
| 090 |
|
|
|a 210-Phr/1
|
| 100 |
1 |
|
|a Rooryck, Johan
|e [ed.]
|
| 245 |
0 |
0 |
|a Phrase structure and the lexicon
|c ed. by Johan Rooryck and Laurie Zaring
|
| 260 |
|
|
|a Dordrecht
|b Kluwer
|c 1996
|
| 300 |
|
|
|a VII, 298 p.
|
| 490 |
0 |
|
|a Studies in natural language and linguistic theory
|v 33
|
| 650 |
|
4 |
|a Phrase structure grammar
|
| 650 |
|
4 |
|a Lexicology
|
| 700 |
1 |
|
|a Zaring, Laurie
|e [ed.]
|
| 830 |
|
0 |
|w PL0000540
|
| 852 |
|
|
|c 210-Phr/1
|m BOOK
|
| 989 |
|
|
|a 98-08
|